Countries by Military Ranking (2024) - Statistics

General Stats
  • This quiz has been taken 51 times
  • The average score is 17 of 20
Answer Stats
Pwr indx Country % Correct
0.0699 United States of America
100%
0.0706 China
98%
0.0702 Russia
98%
0.1443 United Kingdom
96%
0.1878 France
93%
0.2847 Germany
93%
0.1023 India
93%
0.1061 Japan
91%
0.1416 South korea
89%
0.1944 Brazil
87%
0.2269 Iran
85%
0.1711 Pakistan
83%
0.2882 Spain
78%
0.1863 Italy
76%
0.2283 Egypt
74%
0.1697 Turkey
74%
0.2515 Australia
70%
0.2251 Indonesia
70%
0.2598 Ukraine
65%
0.2596 Israel
63%
No matching quizzes found
Score Distribution
Percent of People with Each Score
Percentile by Number Answered
Your Score History
You have not taken this quiz